The costs and benefits of World Heritage Site status in the UK (Record no. 109057)

MARC details
000 -LEADER
fixed length control field 01401cad a22002295a 4500
001 - CONTROL NUMBER
control field L146125
008 - FIXED-LENGTH DATA ELEMENTS--GENERAL INFORMATION
fixed length control field 081211s2007 xxkad f 000 0 eng d
035 ## - SYSTEM CONTROL NUMBER
System control number (Sirsi) u146125
041 0# - LANGUAGE CODE
Language code of text/sound track or separate title eng
050 04 - LIBRARY OF CONGRESS CALL NUMBER
Classification number 690.241 $2 18
110 2# - MAIN ENTRY--CORPORATE NAME
Corporate name or jurisdiction name as entry element PriceWaterhouseCoopers
9 (RLIN) 3793
245 04 - TITLE STATEMENT
Title The costs and benefits of World Heritage Site status in the UK
Remainder of title full report
Medium [electronic resource]
260 ## - PUBLICATION, DISTRIBUTION, ETC.
Place of publication, distribution, etc. London
Name of publisher, distributor, etc. DCMS
Date of publication, distribution, etc. 2007
505 2# - FORMATTED CONTENTS NOTE
Formatted contents note Executive summary -- Introduction and context -- Methodology -- The cost/benefit framework -- Review of costs -- Review of benefits -- Conclusions -- List of consultees -- Research tools
520 ## - SUMMARY, ETC.
Summary, etc. This report was commissioned by the Department of Culture, Media and Sport to explore the costs and benefits of World Heritage Site (WHS) status for historical sites in the UK. The methodology for the report encompasses a literature review, cost/benefit analyses for seventeen WHS sites and case studies for a further six sites. Members of the public were also consulted, so as to gather information on public perceptions of the subject.
521 ## - TARGET AUDIENCE NOTE
Target audience note Advanced
590 ## - LOCAL NOTE (RLIN)
Local note KA
651 #4 - SUBJECT ADDED ENTRY--GEOGRAPHIC NAME
Geographic name United Kingdom
Chronological subdivision
690 ## - LOCAL SUBJECT ADDED ENTRY--TOPICAL TERM (OCLC, RLIN)
Topical term or geographic name as entry element BUILT ENVIRONMENT-BUILDING MAINTENANCE AND REFURBISHMENT-BUILDING CONSERVATION
856 40 - ELECTRONIC LOCATION AND ACCESS
Uniform Resource Identifier <a href="https://www.culture.gov.uk/reference_library/consultations/5629.aspx">https://www.culture.gov.uk/reference_library/consultations/5629.aspx</a>
Public note View the item free of charge online at www.culture.gov.uk...
942 ## - ADDED ENTRY ELEMENTS (KOHA)
Suppress in OPAC 0
Holdings
Withdrawn status Lost status Source of classification or shelving scheme Damaged status Not for loan Home library Current library Shelving location Date acquired Total Checkouts Full call number Barcode Date last seen Copy number Price effective from Koha item type
    Dewey Decimal Classification     Virtual Virtual Online 11/12/2008   ONLINE PUBLICATION 146125-1001 06/08/2019 1 06/08/2019 Book